Экономика качества Учебник для бакалавров
В учебнике рассматриваются теоретические и методологические основы дисциплины «Экономика качества» научные и практические подходы к экономике качества подходы к разработке и внедрению системы менеджмента качества в организации отражены процессы жизненного цикла продукции в данной системе влияющие на...
Salvato in:
| Autore principale: | |
|---|---|
| Natura: | Учебник |
| Edizione: | 3 |
| Serie: | Учебные издания для бакалавров |
| Accesso online: | https://znanium.com/catalog/document?id=432267 https://znanium.com/cover/2085/2085955.jpg |
| Tags: |
Aggiungi Tag
Nessun Tag, puoi essere il primo ad aggiungerne! !
|
| LEADER | 03565nam0a2200361 i 4500 | ||
|---|---|---|---|
| 001 | RU\infra-m\znanium\bibl\2085955 | ||
| 003 | https://znanium.com/catalog/document?id=432267 | ||
| 005 | 20230714000000.0 | ||
| 010 | |a 978-5-394-04512-7 | ||
| 100 | |a 20230714d2023 m y0rusy0150 ca | ||
| 101 | 0 | |a rus | |
| 102 | |a RU | ||
| 200 | 1 | |a Экономика качества |e Учебник для бакалавров |e Учебник |f Национальный исследовательский Московский государственный строительный университет |g Национальный исследовательский Московский государственный строительный университет | |
| 205 | |a 3 | ||
| 210 | 1 | |a Москва |c Издательско-торговая корпорация "Дашков и К" |d 2021 | |
| 215 | |a 216 с. | ||
| 225 | 1 | |a Учебные издания для бакалавров | |
| 330 | |a В учебнике рассматриваются теоретические и методологические основы дисциплины «Экономика качества» научные и практические подходы к экономике качества подходы к разработке и внедрению системы менеджмента качества в организации отражены процессы жизненного цикла продукции в данной системе влияющие на экономические показатели деятельности организации. Для студентов бакалавриата обучающихся по направлениям подготовки 38.03.01 «Экономика» 38.03.02l «Менеджмент». | ||
| 333 | |a ВО - Бакалавриат | ||
| 606 | |a Управление (менеджмент) |x Управление качеством. Квалиметрия |2 local | ||
| 608 | |a Учебник |2 local | ||
| 675 | |a 658 |z rus | ||
| 686 | |a 6529 |2 rubbk | ||
| 686 | |a 38.03.01 |2 okso | ||
| 686 | |a 38.03.02 |2 okso | ||
| 700 | 1 | |a Нежникова |b Е.В. |g Екатерина Владимировна |p Национальный исследовательский Московский государственный строительный университет | |
| 701 | 1 | |a Черняев |b М.В. |g Максим Васильевич |p Российский университет дружбы народов имени Патриса Лумумбы | |
| 701 | 1 | |a Папельнюк |b О.В. |g Оксана Васильевна |p Национальный исследовательский Московский государственный строительный университет | |
| 701 | 1 | |a Кореневская |b А.В. |g Анна Вадимовна |p Российский университет дружбы народов имени Патриса Лумумбы | |
| 712 | 0 | 2 | |a Национальный исследовательский Московский государственный строительный университет |
| 801 | 0 | |a RU |b Общество с ограниченной ответственностью «ЗНАНИУМ» |c 20230712 |2 rusmarc | |
| 856 | 4 | |a znanium.com |m ebs_support@infra-m.ru |n НИЦ ИНФРА-М |u https://znanium.com/catalog/document?id=432267 | |
| 856 | 4 | 1 | |a znanium.com |d /cover/2085 |f 2085955.jpg |q image/jpeg |u https://znanium.com/cover/2085/2085955.jpg |